000 00813nam a22002057a 4500
999 _c18157
_d18157
003 AR-CdUCM
008 190513b ||||| |||| 00| 0 spa d
040 _aMUNICIPALIDAD PROVINCIAL DEL CUSCO
_cBIBLIOTECA MUNICIPAL DEL CUSCO
082 _a372 /
_bD19
100 _aDaza, Luis Eduardo
_938581
245 _aEducación y neurosis /
260 _aArequipa :
_bMiranda,
_c1990.
300 _a191 páginas ;
_c19 cm.
505 _aContenido: Conceptos expresados por maestros peruanos -- Definiciones de tratadistas utilizados en universidades y escuelas normales de América -- La neurosis acercándose a una definición -- El psicoanálisis...
650 _aEducación
_9460
650 _aPsicopedagógico
_938582
650 _aAnálisis educacional
_938583
942 _2ddc
_cLIBROS
945 _aacv
_d2019-05-13